البحار و المحيطات / (رقم التسجيلة. 32398)
[ عرض عادي ]
| 000 -LEADER | |
|---|---|
| fixed length control field | 00614nam a22002057a 4500 |
| 005 - DATE AND TIME OF LATEST TRANSACTION | |
| control field | 20251108165829.0 |
| 008 - FIXED-LENGTH DATA ELEMENTS--GENERAL INFORMATION | |
| fixed length control field | 250721s1992 xx 000 0 ara d |
| 082 14 - DEWEY DECIMAL CLASSIFICATION NUMBER | |
| Classification number | ط/551.46/لام |
| 100 1# - MAIN ENTRY--PERSONAL NAME | |
| Personal name | لامبرت، ديفيد |
| 245 10 - TITLE STATEMENT | |
| Title | البحار و المحيطات / |
| 264 1# - PRODUCTION, PUBLICATION, DISTRIBUTION, MANUFACTURE, AND COPYRIGHT NOTICE | |
| Place of production, publication, distribution, manufacture | القاهرة : |
| Name of producer, publisher, distributor, manufacturer | شركة السفير، |
| Date of production, publication, distribution, manufacture, or copyright notice | 1992. |
| 300 ## - PHYSICAL DESCRIPTION | |
| Extent | 32ص |
| 490 0# - SERIES STATEMENT | |
| Series statement | سلسلة نظرة جديدة |
| 650 17 - SUBJECT ADDED ENTRY--TOPICAL TERM | |
| Topical term or geographic name as entry element | المحيطات |
| 650 17 - SUBJECT ADDED ENTRY--TOPICAL TERM | |
| Topical term or geographic name as entry element | البحر |
| 653 ## - INDEX TERM--UNCONTROLLED | |
| Uncontrolled term | ناشئون صغار (10-14) سنة |
| 700 1# - ADDED ENTRY--PERSONAL NAME | |
| Personal name | باشا، فؤاد أحمد |
| Relator term | ترجمة |
| 942 ## - ADDED ENTRY ELEMENTS (KOHA) | |
| Source of classification or shelving scheme | Dewey Decimal Classification |
| Koha item type | مراجع |
| حالة السحب | حالة الفقدان | مصدر التصنيف | حالة التلف | غير قابل للإعارة | المكتبة الرئيسية | المكتبة الحالية | موقع الرف | تاريخ التزويد | الرقم المتسلسل | Total Checkouts | رقم الإستدعاء | تاريخ آخر ظهور | تاريخ الفاتورة | نوع المادة (كوها) | الباركود |
|---|---|---|---|---|---|---|---|---|---|---|---|---|---|---|---|
| Dewey Decimal Classification | Unchecked | مكتبة البشائر للأطفال | مكتبة البشائر للأطفال | الإعارة | 28/07/2025 | 527166 | ط/551.46/لام | 28/07/2025 | 28/07/2025 | مراجع | |||||
| Dewey Decimal Classification | مكتبة الياسمين للأطفال | مكتبة الياسمين للأطفال | الأطفال | 15/04/2014 | 559364 | ط/551.46/لام | 28/07/2025 | 15/04/2014 | مراجع | PLD00299430 | |||||
| Dewey Decimal Classification | Not For Loan | مكتبةمؤتة | مكتبةمؤتة | مراجع | 30/06/2014 | [960 ] | ط/551.46/لام | 28/07/2025 | 30/06/2014 | مراجع | PLD00332327 |